Normal view
MARC view
Entry Personal Name
001 - CONTROL NUMBER
- control field: 54827
003 - CONTROL NUMBER IDENTIFIER
- control field: OSt
005 - DATE AND TIME OF LATEST TRANSACTION
- control field: 20241003145044.0
008 - FIXED-LENGTH DATA ELEMENTS
- fixed length control field: 241003|| aca||aabn | a|a d
040 ## - CATALOGING SOURCE
- Original cataloging agency: OSt
- Transcribing agency: OSt
100 ## - HEADING--PERSONAL NAME
- Personal name: သုနန္ဒ၊ အသျှင်။
670 ## - SOURCE DATA FOUND
- Source citation: Work cat.: (OSt): သုနန္ဒ၊ အသျှင်။, ဗုဒ္ဓနှင့်ဗုဒ္ဒဝါဒ တွေးမြင်ယူဆမှု /, ၁၉၇၀။